Eléments de théorie des groupes

Salvato in:
Dettagli Bibliografici
Autore principale: Calais, Josette (Autore)
Natura: Libro
Lingua:francese
Pubblicazione: París Presses universitaires de France 1996
Edizione:2a. ed
Serie:Serie Mathématiques
Soggetti:
Tags: Aggiungi Tag
Nessun Tag, puoi essere il primo ad aggiungerne!!

MARC

LEADER 00000nam a2200000 a 4500
001 UCQ3352
003 CL-VaPUC
008 980821e19960000FR |||||||||||||||||fre|d
082 0 4 |a 512.2  |b CAL  |2 21 
100 0 |a Calais, Josette  |e author  |9 417403 
245 1 0 |a Eléments de théorie des groupes 
250 |a 2a. ed 
300 |a 375 p 
942 |c BK 
945 |d 19980821 00:00:00  |a aarredon 
260 |a París  |b Presses universitaires de France  |c 1996 
650 0 |a Matemática  |9 260235 
650 0 |a Teoría de grupos   |9 270028 
650 7 |a MORFISMO  |2 CL-VaPUC  |9 417404 
650 7 |a ISOMORFISMO  |2 CL-VaPUC  |9 417405 
650 7 |a GRUPOS SIMETRICOS  |2 CL-VaPUC  |9 417406 
583 |a last modification  |c 19980821 00:00:00  |k Rodrigo Vera 
490 0 |a Serie Mathématiques 
999 |c 273940  |d 273938 
952 |0 0  |1 0  |4 0  |6 512_200000000000000_CAL_1996  |7 0  |8 A  |9 309929  |a BIBMAT  |b BIBMAT  |d 2019-11-20  |i 3452891  |o 512.2 CAL 1996  |p 3452891  |r 2025-01-07  |w 2019-11-20  |y BK  |k MAT